00181nam a2200085Ia 4500008004100000041000800041100000900049245002600058650001100084230605s9999 xx 000 0 und d aeng aFoll aModern french classic aFrench